| 000 | 02669nam a2200313 a 4500 | ||
|---|---|---|---|
| 003 | OSt | ||
| 005 | 20251202114106.0 | ||
| 007 | cr ||||||a|a|a | ||
| 008 | 250701s2025 mx a|||fom||| 001 0 spa d | ||
| 040 | _erda | ||
| 100 | 1 |
_aMeraz Velázquez, Manuel Sabel _9190531 |
|
| 245 | 1 | 0 |
_a Diagnóstico de los equipos de bombeo de pozos profundos de la Universidad Autónoma Chapingo/ _cpor Manuel Sabel Meráz Velázquez; director de tesis Natalio Gutiérrez Carrillo; secretario Mauricio Carrillo García; vocal José Reyes Sánchez; suplente Jorge Víctor Prado Hernández; suplente José Juan Aguilar Cabrera |
| 264 | 1 |
_aChapingo, México : _bEl autor, _c2024. |
|
| 300 |
_a1 recurso en línea (65 páginas): _bcuadros, figuras. |
||
| 336 |
_2rdacontent _atexto _btxt |
||
| 337 |
_2rdamedia _acomputadora _bc |
||
| 338 |
_2rdacarrier _arecurso en línea _bcr |
||
| 502 |
_bII _cIrrigación _d2024. _gLIC |
||
| 504 | _aIncluye referencias bibliográficas: páginas 57-58. | ||
| 520 | _aEste trabajo se llevó a cabo en los equipos de bombeo para pozo profundo ubicados en las instalaciones de la Universidad Autónoma Chapingo, abarcando la toma de datos en el mes de noviembre del año 2023 y el mes de abril del año 2024. Se tiene como objetivo realizar un diagnóstico de los equipos de bombeo en los pozos profundos de la universidad utilizando la NOM-006-ENER-2015, mediante la determinación e interpretación de su eficiencia electromecánica. Para ello, se obtuvieron los valores de las variables eléctricas e hidráulicas, tales como la intensidad de corriente, la tensión, el factor de potencia, el gasto en la descarga, las pérdidas de carga, la profundidad del nivel dinámico y la carga dinámica total. Se realizaron los cálculos correspondientes a la potencia consumida, la potencia aprovechada y eficiencia electromecánica, con lo cual se determinó el funcionamiento de cada equipo de bombeo, así como también los equipos que requieran rehabilitación. Se obtuvo que, de los ocho equipos de bombeo analizados, tres necesitan rehabilitación, tres requerirán rehabilitación en los próximos dos años y dos funcionan aceptablemente. | ||
| 650 | 4 |
_aPozos profundos _xEvaluación _9190880 |
|
| 700 | 1 |
_aGutiérrez Carrillo, Natalio _951641 |
|
| 700 | 1 |
_aCarrillo García, Mauricio _919488 _esecretario. |
|
| 700 | 1 |
_aReyes Sánchez, José _996990 _evocal. |
|
| 700 | 1 |
_aPrado Hernández, Jorge Víctor _991267 _esuplente. |
|
| 700 | 1 |
_aAguilar Cabrera, José Juan _esuplente. _92664 |
|
| 856 |
_uhttp://10.13.5.2/tesis/tl/1811662-5_%20MERAZ_VELAZQUEZ_MANUEL_SABEL.pdf _zDESCARGAR PDF |
||
| 942 |
_2Clasificación Universidad Autónoma Chapingo _cTD |
||
| 999 |
_c220722 _d220722 |
||